00516cam a22001457a 4500008004000000082001700040100002800057245010800085260004500193300001000238650000500248650004700253650002700300650004300327180718b2015 xxu||||| |||| 00| 0 eng d aB301x54 R137 aRajya Sabha Secretariat aCompendium on parliamentary enactments : the Lokpal and Lokayuktas Act 2013cby Rajya Sabha Secretariat aNew DelhibRajya Sabha Secretariatc2015 a845p. a aCorruption -- Law and legislation -- India aOmbudspersons -- India aIndia. Lokpal and Lokayuktas Act, 2013